=LDR 00000nam 2200000 4500 =001 INLIS000000000024625 =005 20200811023940 =035 ##$$a 0010-061300000024625 =008 200811################g##########0#ind## =041 ##$$a Ind =082 ##$$a 2X9.8 =090 ##$$a 2x9.8 Naj i =100 ##$$a Najieh, Ahmad =245 1#$$a Lima puluh kisah nyata : $b Menyingkap kisah - kisah hikmah terpendam 2 /$c Ahmad Najieh =260 ##$$a Jakarta,$c 1992 =300 ##$$a 108 hlm, ; $c 17 x 12 cm. =650 #4$$a Kisah-kisah nyata =850 ##$$a NBPNMAT =084 ##$$a 2X9.8 NAJ l =990 ##$$a 155.895/Pro.2000 =990 ##$$a 00054843 =990 ##$$a 122.165/Pro-97 =990 ##$$a 00054843 =990 ##$$a 07460746 =990 ##$$a 122.163/Pro-97 =990 ##$$a 122.165/Pro-97 =990 ##$$a 00054843 =990 ##$$a 00054843 =990 ##$$a 122.165/Pro-97 =990 ##$$a 122.163/Pro-97 =990 ##$$a 09900990 =990 ##$$a 145.492/Pro-99 =990 ##$$a 122.165/Pro-97 =990 ##$$a 00054843 =990 ##$$a 122.163/Pro-97